NCAA D1 Men's Lacrosse Champions - Statistics

General Stats
  • This quiz has been taken 606 times
  • The average score is 48 of 52
Answer Stats
Hint Runner-Up Answer % Correct
2022 Cornell Maryland
99%
2017 Ohio State Maryland
99%
1975 Navy Maryland
99%
1973 Johns Hopkins Maryland
99%
2007 Duke Johns Hopkins
97%
2005 Duke Johns Hopkins
97%
1987 Cornell Johns Hopkins
97%
1985 Syracuse Johns Hopkins
97%
1984 Syracuse Johns Hopkins
97%
1980 Virginia Johns Hopkins
97%
1979 Maryland Johns Hopkins
97%
1978 Cornell Johns Hopkins
97%
1974 Maryland Johns Hopkins
97%
2023 Duke Notre Dame
97%
2009 Cornell Syracuse
97%
2008 Johns Hopkins Syracuse
97%
2004 Navy Syracuse
97%
2002 Princeton Syracuse
97%
2000 Princeton Syracuse
97%
1995 Maryland Syracuse
97%
1993 North Carolina Syracuse
97%
1990 Loyola Maryland Syracuse
97%
1989 Johns Hopkins Syracuse
97%
1988 Cornell Syracuse
97%
1983 Johns Hopkins Syracuse
97%
2014 Notre Dame Duke
96%
2013 Syracuse Duke
96%
2010 Notre Dame Duke
96%
2021 Maryland Virginia
96%
2019 Yale Virginia
96%
2011 Maryland Virginia
96%
2006 Massachusetts Virginia
96%
2003 Johns Hopkins Virginia
96%
1999 Syracuse Virginia
96%
1972 Johns Hopkins Virginia
96%
2018 Duke Yale
92%
1977 Johns Hopkins Cornell
90%
1976 Maryland Cornell
90%
1971 Maryland Cornell
90%
2001 Syracuse Princeton
88%
1998 Maryland Princeton
88%
1997 Maryland Princeton
88%
1996 Virginia Princeton
88%
1994 Virginia Princeton
88%
1992 Syracuse Princeton
88%
2016 Maryland North Carolina
80%
1991 Towson North Carolina
80%
1986 Virginia North Carolina
80%
1982 Johns Hopkins North Carolina
80%
1981 Johns Hopkins North Carolina
80%
2012 Maryland Loyola (Md.)
72%
2015 Maryland Denver
66%
No matching quizzes found
Score Distribution
Percent of People with Each Score
Percentile by Number Answered
Your Score History
You have not taken this quiz